000 00731nam a2200253Ia 4500
003 OSt
005 20220925230642.0
006 a|||||r|||| 00| 0
007 ta
008 220923b |||||||| |||| 00| 0 eng d
020 _a1 85649 477 2
037 _cGeneral Book
040 _aRTL
_cRTL
_beng
041 _2eng
_aeng
082 _aY35.1(X).N9, N7
100 _aBeall J O Ed.
_9294074
245 0 _aCity for all
_b Valuing difference and working with diversity
260 _aLondon
_bZed Books
_c1997
300 _axxii,298p
_ccm.
500 _aBibliography chapterwise
650 _aCity Sociology
_9235611
942 _hY35.1(X).N9, N7
_cGB
_2CC
999 _c586270
_d586270